000 00245 a2200109 4500
245 _aThe promised land
_hText
020 _a0679733477
100 _aNicholas Lemann
650 _aliterature
005 20191017173359.0
260 _bVintage Books
_c1992
084 _aE185.6L36
999 _c10180
_d10180